[Event "Chess Masters Gent 2023"]
[Site "Ghent, Belgium"]
[Date "2023.07.13"]
[Round "3.1"]
[White "Pijpers, Arthur"]
[Black "Fernandez, Daniel H."]
[Result "1/2-1/2"]
[TimeControl "90'/40 + 30' + 30\"/M"]
[WhiteTitle "IM"]
[BlackTitle "GM"]
[WhiteFideId "1019554"]
[BlackFideId "5801605"]
[WhiteElo "2465"]
[BlackElo "2518"]

1. e4 {[%clk 01:30:56]} {[%emt 00:00:02]} c5 {[%clk 01:30:58]} {[%emt
00:00:03]} 2. Nc3 {[%clk 01:31:21]} {[%emt 00:00:05]} Nc6 {[%clk 01:28:33]}
{[%emt 00:02:55]} 3. Nge2 {[%clk 01:30:20]} {[%emt 00:01:31]} e6 {[%clk
01:21:35]} {[%emt 00:07:29]} 4. d4 {[%clk 01:30:31]} {[%emt 00:00:19]} d5
{[%clk 01:22:03]} {[%emt 00:00:02]} 5. exd5 {[%clk 01:16:59]} {[%emt 00:14:02]}
exd5 {[%clk 01:22:32]} {[%emt 00:00:02]} 6. dxc5 {[%clk 01:17:24]} {[%emt
00:00:05]} d4 {[%clk 01:22:30]} {[%emt 00:00:31]} 7. Ne4 {[%clk 01:16:34]}
{[%emt 00:01:19]} Nf6 {[%clk 01:19:16]} {[%emt 00:03:45]} 8. Bg5 {[%clk
01:08:14]} {[%emt 00:08:50]} Be7 {[%clk 01:13:19]} {[%emt 00:06:27]} 9. Bxf6
{[%clk 01:05:32]} {[%emt 00:03:12]} Bxf6 {[%clk 01:12:53]} {[%emt 00:00:56]} 10.
Qd2 {[%clk 00:58:57]} {[%emt 00:07:05]} O-O {[%clk 01:12:19]} {[%emt 00:01:04]}
11. Nxf6+ {[%clk 00:47:08]} {[%emt 00:12:19]} Qxf6 {[%clk 01:12:47]} {[%emt
00:00:03]} 12. O-O-O {[%clk 00:47:29]} {[%emt 00:00:09]} Rd8 {[%clk 01:08:44]}
{[%emt 00:04:33]} 13. Nf4 {[%clk 00:41:03]} {[%emt 00:06:56]} Qe7 {[%clk
01:01:23]} {[%emt 00:07:51]} 14. Nd3 {[%clk 00:39:39]} {[%emt 00:01:54]} Bf5
{[%clk 00:57:07]} {[%emt 00:04:45]} 15. Re1 {[%clk 00:35:51]} {[%emt 00:04:18]}
Qf8 {[%clk 00:57:30]} {[%emt 00:00:07]} 16. a3 {[%clk 00:32:40]} {[%emt
00:03:41]} Re8 {[%clk 00:55:35]} {[%emt 00:02:25]} 17. Be2 {[%clk 00:31:57]}
{[%emt 00:01:13]} a5 {[%clk 00:55:45]} {[%emt 00:00:21]} 18. Qf4 {[%clk
00:25:35]} {[%emt 00:06:51]} g6 {[%clk 00:50:36]} {[%emt 00:05:40]} 19. h4
{[%clk 00:22:34]} {[%emt 00:03:32]} Bxd3 {[%clk 00:50:58]} {[%emt 00:00:08]} 20.
Bxd3 {[%clk 00:22:55]} {[%emt 00:00:09]} Qxc5 {[%clk 00:51:19]} {[%emt
00:00:08]} 21. Qc7 {[%clk 00:15:56]} {[%emt 00:07:29]} b6 {[%clk 00:48:27]}
{[%emt 00:03:22]} 22. h5 {[%clk 00:15:16]} {[%emt 00:01:10]} Ne5 {[%clk
00:38:36]} {[%emt 00:10:21]} 23. Qxc5 {[%clk 00:15:42]} {[%emt 00:00:05]} Nxd3+
{[%clk 00:38:14]} {[%emt 00:00:52]} 24. cxd3 {[%clk 00:16:10]} {[%emt
00:00:02]} bxc5 {[%clk 00:38:36]} {[%emt 00:00:08]} 25. hxg6 {[%clk 00:13:41]}
{[%emt 00:02:59]} fxg6 {[%clk 00:37:58]} {[%emt 00:01:07]} 26. Kd2 {[%clk
00:09:56]} {[%emt 00:04:14]} h5 {[%clk 00:37:26]} {[%emt 00:01:02]} 27. Rxe8+
{[%clk 00:06:45]} {[%emt 00:03:42]} Rxe8 {[%clk 00:37:40]} {[%emt 00:00:16]} 28.
Rc1 {[%clk 00:07:11]} {[%emt 00:00:04]} Rb8 {[%clk 00:27:28]} {[%emt 00:10:43]}
29. Rxc5 {[%clk 00:06:34]} {[%emt 00:01:06]} Rxb2+ {[%clk 00:27:56]} {[%emt
00:00:02]} 30. Ke1 {[%clk 00:06:58]} {[%emt 00:00:06]} Rb3 {[%clk 00:28:10]}
{[%emt 00:00:16]} 31. Rxa5 {[%clk 00:07:23]} {[%emt 00:00:06]} Rxd3 {[%clk
00:28:35]} {[%emt 00:00:04]} 32. Ke2 {[%clk 00:06:44]} {[%emt 00:01:09]} Rb3
{[%clk 00:29:03]} {[%emt 00:00:02]} 33. Rd5 {[%clk 00:07:07]} {[%emt 00:00:06]}
Rxa3 {[%clk 00:29:28]} {[%emt 00:00:05]} 34. Rxd4 {[%clk 00:07:34]} {[%emt
00:00:03]} Kf7 {[%clk 00:29:53]} {[%emt 00:00:05]} 35. Rd6 {[%clk 00:08:00]}
{[%emt 00:00:04]} Kg7 {[%clk 00:30:18]} {[%emt 00:00:04]} 36. g3 {[%clk
00:08:19]} {[%emt 00:00:11]} Kf7 {[%clk 00:30:46]} {[%emt 00:00:02]} 37. Kf1
{[%clk 00:08:44]} {[%emt 00:00:06]} Kg7 {[%clk 00:31:12]} {[%emt 00:00:04]} 38.
Kg2 {[%clk 00:09:10]} {[%emt 00:00:04]} Ra2 {[%clk 00:31:25]} {[%emt 00:00:17]}
39. Rc6 {[%clk 00:09:35]} {[%emt 00:00:04]} Kf7 {[%clk 00:31:50]} {[%emt
00:00:04]} 40. Rd6 {[%clk 00:10:03]} {[%emt 00:00:03]} Kg7 {[%clk 00:32:15]}
{[%emt 00:00:05]} 41. Rc6 {[%clk 00:10:30]} {[%emt 00:00:03]} 1/2-1/2

[Event "Chess Masters Gent 2023"]
[Site "Ghent, Belgium"]
[Date "2023.07.13"]
[Round "3.2"]
[White "Hausrath, Daniel"]
[Black "Maerevoet, Sim"]
[Result "1/2-1/2"]
[TimeControl "90'/40 + 30' + 30\"/M"]
[WhiteTitle "GM"]
[BlackTitle "FM"]
[WhiteFideId "4617495"]
[BlackFideId "241725"]
[WhiteElo "2442"]
[BlackElo "2414"]

1. c4 {[%clk 01:30:56]} {[%emt 00:00:03]} e6 {[%clk 01:30:00]} {[%emt
00:01:00]} 2. Nf3 {[%clk 01:30:25]} {[%emt 00:01:01]} d5 {[%clk 01:29:57]}
{[%emt 00:00:34]} 3. e3 {[%clk 01:30:29]} {[%emt 00:00:26]} Nf6 {[%clk
01:30:10]} {[%emt 00:00:16]} 4. Nc3 {[%clk 01:29:44]} {[%emt 00:01:15]} dxc4
{[%clk 01:30:02]} {[%emt 00:00:39]} 5. Bxc4 {[%clk 01:29:55]} {[%emt 00:00:19]}
a6 {[%clk 01:30:07]} {[%emt 00:00:25]} 6. a4 {[%clk 01:21:06]} {[%emt
00:09:19]} c5 {[%clk 01:29:00]} {[%emt 00:01:37]} 7. O-O {[%clk 01:19:47]}
{[%emt 00:01:48]} Nc6 {[%clk 01:27:09]} {[%emt 00:02:22]} 8. d4 {[%clk
01:16:03]} {[%emt 00:04:15]} Be7 {[%clk 01:25:50]} {[%emt 00:01:48]} 9. dxc5
{[%clk 01:12:22]} {[%emt 00:04:11]} Qxd1 {[%clk 01:15:59]} {[%emt 00:10:21]} 10.
Rxd1 {[%clk 01:12:21]} {[%emt 00:00:31]} Bxc5 {[%clk 01:16:18]} {[%emt
00:00:11]} 11. h3 {[%clk 01:06:20]} {[%emt 00:06:31]} b6 {[%clk 01:11:50]}
{[%emt 00:04:59]} 12. e4 {[%clk 00:50:44]} {[%emt 00:16:06]} Bb7 {[%clk
01:09:34]} {[%emt 00:02:45]} 13. e5 {[%clk 00:48:46]} {[%emt 00:02:28]} Nd7
{[%clk 01:09:48]} {[%emt 00:00:16]} 14. Bf4 {[%clk 00:34:28]} {[%emt 00:14:48]}
Ne7 {[%clk 01:07:39]} {[%emt 00:02:39]} 15. Ng5 {[%clk 00:28:42]} {[%emt
00:06:16]} Ng6 {[%clk 01:01:54]} {[%emt 00:06:16]} 16. Bg3 {[%clk 00:28:45]}
{[%emt 00:00:26]} Ndxe5 {[%clk 00:57:36]} {[%emt 00:04:49]} 17. Ba2 {[%clk
00:26:36]} {[%emt 00:02:39]} Ke7 {[%clk 00:51:31]} {[%emt 00:06:34]} 18. Nge4
{[%clk 00:22:38]} {[%emt 00:04:28]} Rhd8 {[%clk 00:42:37]} {[%emt 00:09:25]} 19.
Nxc5 {[%clk 00:19:50]} {[%emt 00:03:18]} bxc5 {[%clk 00:42:50]} {[%emt
00:00:17]} 20. f3 {[%clk 00:16:51]} {[%emt 00:03:29]} Rxd1+ {[%clk 00:34:49]}
{[%emt 00:08:31]} 21. Rxd1 {[%clk 00:17:19]} {[%emt 00:00:02]} Rd8 {[%clk
00:35:11]} {[%emt 00:00:08]} 22. Rxd8 {[%clk 00:16:06]} {[%emt 00:01:43]} Kxd8
{[%clk 00:35:39]} {[%emt 00:00:02]} 23. Bb1 {[%clk 00:16:14]} {[%emt 00:00:23]}
f5 {[%clk 00:24:13]} {[%emt 00:11:56]} 24. h4 {[%clk 00:14:20]} {[%emt
00:02:24]} h5 {[%clk 00:22:34]} {[%emt 00:02:09]} 25. Ne2 {[%clk 00:09:25]}
{[%emt 00:05:25]} Bd5 {[%clk 00:18:27]} {[%emt 00:04:37]} 26. Bf2 {[%clk
00:08:17]} {[%emt 00:01:38]} c4 {[%clk 00:15:46]} {[%emt 00:03:11]} 27. Bd4
{[%clk 00:07:15]} {[%emt 00:01:32]} Kd7 {[%clk 00:15:25]} {[%emt 00:00:52]} 28.
Ng3 {[%clk 00:06:21]} {[%emt 00:01:23]} Kd6 {[%clk 00:13:28]} {[%emt 00:02:27]}
29. Nxh5 {[%clk 00:05:28]} {[%emt 00:01:22]} Nxh4 {[%clk 00:13:48]} {[%emt
00:00:11]} 30. Bxe5+ {[%clk 00:04:11]} {[%emt 00:01:47]} Kxe5 {[%clk 00:14:13]}
{[%emt 00:00:05]} 31. Nxg7 {[%clk 00:04:37]} {[%emt 00:00:03]} a5 {[%clk
00:11:37]} {[%emt 00:03:07]} 32. Kf2 {[%clk 00:04:22]} {[%emt 00:00:45]} f4
{[%clk 00:10:07]} {[%emt 00:02:00]} 33. Bc2 {[%clk 00:02:34]} {[%emt 00:02:18]}
Bc6 {[%clk 00:07:55]} {[%emt 00:02:42]} 34. Bd1 {[%clk 00:00:35]} {[%emt
00:02:29]} Bd7 {[%clk 00:01:44]} {[%emt 00:06:41]} 35. Bc2 {[%clk 00:00:39]}
{[%emt 00:00:25]} Bc6 {[%clk 00:01:31]} {[%emt 00:00:43]} 36. Bd1 {[%clk
00:01:04]} {[%emt 00:00:05]} Nf5 {[%clk 00:01:31]} {[%emt 00:00:31]} 37. Nxf5
{[%clk 00:01:15]} {[%emt 00:00:19]} Kxf5 {[%clk 00:01:26]} {[%emt 00:00:34]} 38.
b3 {[%clk 00:00:42]} {[%emt 00:01:03]} cxb3 {[%clk 00:00:57]} {[%emt 00:00:59]}
39. Bxb3 {[%clk 00:01:10]} {[%emt 00:00:01]} Ke5 {[%clk 00:01:01]} {[%emt
00:00:26]} 40. g3 {[%clk 00:01:02]} {[%emt 00:00:38]} fxg3+ {[%clk 00:00:58]}
{[%emt 00:00:33]} 41. Kxg3 {[%clk 00:01:25]} {[%emt 00:00:07]} Bd7 {[%clk
00:28:46]} {[%emt 00:02:43]} 42. f4+ {[%clk 00:21:52]} {[%emt 00:10:02]} Ke4
{[%clk 00:28:16]} {[%emt 00:00:57]} 43. Kf2 {[%clk 00:10:50]} {[%emt 00:11:35]}
Kd3 {[%clk 00:27:37]} {[%emt 00:01:10]} 44. Ba2 {[%clk 00:10:26]} {[%emt
00:00:54]} Kc3 {[%clk 00:24:59]} {[%emt 00:03:07]} 45. Ke3 {[%clk 00:10:33]}
{[%emt 00:00:22]} Kb4 {[%clk 00:23:58]} {[%emt 00:01:31]} 46. Kd2 {[%clk
00:10:06]} {[%emt 00:00:57]} Kxa4 {[%clk 00:23:41]} {[%emt 00:00:47]} 1/2-1/2

[Event "Chess Masters Gent 2023"]
[Site "Ghent, Belgium"]
[Date "2023.07.13"]
[Round "3.3"]
[White "Laurent-Paoli, Pierre"]
[Black "De Waele, Warre"]
[Result "1/2-1/2"]
[TimeControl "90'/40 + 30' + 30\"/M"]
[WhiteTitle "IM"]
[BlackTitle "FM"]
[WhiteFideId "26017962"]
[BlackFideId "241156"]
[WhiteElo "2531"]
[BlackElo "2350"]

1. d4 {[%clk 01:30:27]} {[%emt 00:00:32]} Nf6 {[%clk 01:30:33]} {[%emt
00:00:28]} 2. c4 {[%clk 01:30:52]} {[%emt 00:00:05]} e6 {[%clk 01:30:57]}
{[%emt 00:00:06]} 3. Nf3 {[%clk 01:31:02]} {[%emt 00:00:20]} d5 {[%clk
01:31:11]} {[%emt 00:00:17]} 4. Nc3 {[%clk 01:31:26]} {[%emt 00:00:06]} Bb4
{[%clk 01:31:34]} {[%emt 00:00:07]} 5. cxd5 {[%clk 01:31:51]} {[%emt 00:00:05]}
exd5 {[%clk 01:31:57]} {[%emt 00:00:06]} 6. Bf4 {[%clk 01:32:18]} {[%emt
00:00:02]} O-O {[%clk 01:30:59]} {[%emt 00:01:28]} 7. e3 {[%clk 01:32:34]}
{[%emt 00:00:14]} c5 {[%clk 01:31:23]} {[%emt 00:00:06]} 8. Bd3 {[%clk
01:32:39]} {[%emt 00:00:25]} c4 {[%clk 01:29:56]} {[%emt 00:01:57]} 9. Bb1
{[%clk 01:30:59]} {[%emt 00:02:10]} Qa5 {[%clk 01:26:18]} {[%emt 00:04:08]} 10.
Qc1 {[%clk 01:25:49]} {[%emt 00:05:40]} Re8 {[%clk 01:20:23]} {[%emt 00:06:25]}
11. O-O {[%clk 01:20:28]} {[%emt 00:05:51]} Nc6 {[%clk 01:13:07]} {[%emt
00:07:46]} 12. h3 {[%clk 01:02:28]} {[%emt 00:18:29]} Ne7 {[%clk 01:04:10]}
{[%emt 00:09:28]} 13. Be5 {[%clk 00:50:22]} {[%emt 00:12:35]} Bxc3 {[%clk
00:53:07]} {[%emt 00:11:33]} 14. bxc3 {[%clk 00:45:45]} {[%emt 00:05:07]} Ne4
{[%clk 00:50:36]} {[%emt 00:03:01]} 15. Bxe4 {[%clk 00:45:45]} {[%emt
00:00:30]} dxe4 {[%clk 00:50:59]} {[%emt 00:00:06]} 16. Nd2 {[%clk 00:45:54]}
{[%emt 00:00:23]} Ng6 {[%clk 00:43:58]} {[%emt 00:07:31]} 17. Nxc4 {[%clk
00:39:08]} {[%emt 00:07:16]} Qa6 {[%clk 00:36:37]} {[%emt 00:07:52]} 18. Nd6
{[%clk 00:30:40]} {[%emt 00:08:58]} Nxe5 {[%clk 00:36:26]} {[%emt 00:00:41]} 19.
dxe5 {[%clk 00:29:49]} {[%emt 00:01:21]} Rxe5 {[%clk 00:36:36]} {[%emt
00:00:19]} 20. Rd1 {[%clk 00:26:15]} {[%emt 00:04:04]} Be6 {[%clk 00:33:27]}
{[%emt 00:03:39]} 21. c4 {[%clk 00:25:21]} {[%emt 00:01:25]} Qc6 {[%clk
00:32:38]} {[%emt 00:01:19]} 22. Rd4 {[%clk 00:23:40]} {[%emt 00:02:11]} h6
{[%clk 00:27:49]} {[%emt 00:05:20]} 23. Qb2 {[%clk 00:21:56]} {[%emt 00:02:14]}
b6 {[%clk 00:27:02]} {[%emt 00:01:16]} 24. Rad1 {[%clk 00:22:03]} {[%emt
00:00:23]} a6 {[%clk 00:25:19]} {[%emt 00:02:13]} 25. Nc8 {[%clk 00:12:16]}
{[%emt 00:10:17]} Qc7 {[%clk 00:19:37]} {[%emt 00:06:12]} 26. Nxb6 {[%clk
00:10:51]} {[%emt 00:01:54]} Rb8 {[%clk 00:19:44]} {[%emt 00:00:23]} 27. Rd6
{[%clk 00:10:47]} {[%emt 00:00:34]} Rg5 {[%clk 00:18:55]} {[%emt 00:01:20]} 28.
h4 {[%clk 00:09:25]} {[%emt 00:01:52]} Rc5 {[%clk 00:18:18]} {[%emt 00:01:07]}
29. Qb1 {[%clk 00:02:54]} {[%emt 00:07:01]} Bf5 {[%clk 00:09:54]} {[%emt
00:08:53]} 30. a4 {[%clk 00:02:14]} {[%emt 00:01:11]} a5 {[%clk 00:10:04]}
{[%emt 00:00:20]} 31. Qb2 {[%clk 00:01:20]} {[%emt 00:01:24]} Be6 {[%clk
00:09:52]} {[%emt 00:00:41]} 32. Qb1 {[%clk 00:00:58]} {[%emt 00:00:53]} Bf5
{[%clk 00:10:04]} {[%emt 00:00:17]} 33. Qb2 {[%clk 00:01:09]} {[%emt 00:00:19]}
Be6 {[%clk 00:10:28]} {[%emt 00:00:06]} 34. Qb1 {[%emt 00:00:57]} 1/2-1/2

[Event "Chess Masters Gent 2023"]
[Site "Ghent, Belgium"]
[Date "2023.07.13"]
[Round "3.4"]
[White "Csonka, Balazs"]
[Black "Ruzhansky, Elias"]
[Result "1-0"]
[TimeControl "90'/40 + 30' + 30\"/M"]
[WhiteTitle "IM"]
[WhiteFideId "742910"]
[BlackFideId "472824"]
[WhiteElo "2497"]
[BlackElo "2209"]

1. c4 {[%clk 01:30:57]} {[%emt 00:00:02]} e6 {[%clk 01:30:37]} {[%emt
00:00:24]} 2. g3 {[%clk 01:31:11]} {[%emt 00:00:15]} d5 {[%clk 01:30:57]}
{[%emt 00:00:11]} 3. Bg2 {[%clk 01:31:34]} {[%emt 00:00:07]} Nf6 {[%clk
01:31:16]} {[%emt 00:00:11]} 4. Nf3 {[%clk 01:31:56]} {[%emt 00:00:09]} dxc4
{[%clk 01:31:38]} {[%emt 00:00:08]} 5. Qa4+ {[%clk 01:32:16]} {[%emt 00:00:10]}
Nbd7 {[%clk 01:32:02]} {[%emt 00:00:06]} 6. Qxc4 {[%clk 01:32:31]} {[%emt
00:00:16]} a6 {[%clk 01:32:19]} {[%emt 00:00:12]} 7. Qc2 {[%clk 01:32:29]}
{[%emt 00:00:32]} Rb8 {[%clk 01:30:49]} {[%emt 00:02:00]} 8. d4 {[%clk
01:32:28]} {[%emt 00:00:31]} b5 {[%clk 01:30:28]} {[%emt 00:00:52]} 9. Bd2
{[%clk 01:32:37]} {[%emt 00:00:21]} Bb7 {[%clk 01:24:30]} {[%emt 00:06:25]} 10.
Ba5 {[%clk 01:32:20]} {[%emt 00:00:50]} Nb6 {[%clk 01:24:08]} {[%emt 00:00:52]}
11. Nbd2 {[%clk 01:31:36]} {[%emt 00:01:14]} Rc8 {[%clk 01:23:43]} {[%emt
00:00:55]} 12. b4 {[%clk 01:28:21]} {[%emt 00:03:44]} Nbd5 {[%clk 01:20:05]}
{[%emt 00:04:07]} 13. a3 {[%clk 01:26:38]} {[%emt 00:02:14]} Ne7 {[%clk
01:19:20]} {[%emt 00:01:15]} 14. O-O {[%clk 01:24:23]} {[%emt 00:02:45]} Nc6
{[%clk 01:19:29]} {[%emt 00:00:22]} 15. Nb3 {[%clk 01:24:41]} {[%emt 00:00:12]}
Nxa5 {[%clk 01:19:51]} {[%emt 00:00:09]} 16. Nxa5 {[%clk 01:24:59]} {[%emt
00:00:12]} Be4 {[%clk 01:19:58]} {[%emt 00:00:21]} 17. Qc3 {[%clk 01:19:30]}
{[%emt 00:06:01]} Qd5 {[%clk 01:12:24]} {[%emt 00:08:03]} 18. Ne1 {[%clk
01:09:14]} {[%emt 00:10:46]} Bxg2 {[%clk 01:12:35]} {[%emt 00:00:20]} 19. Nxg2
{[%clk 01:09:35]} {[%emt 00:00:08]} Bd6 {[%clk 01:12:34]} {[%emt 00:00:31]} 20.
Nc6 {[%clk 00:45:03]} {[%emt 00:25:03]} Ne4 {[%clk 01:04:41]} {[%emt 00:08:21]}
21. Qc2 {[%clk 00:43:25]} {[%emt 00:02:09]} Bc5 {[%clk 00:58:36]} {[%emt
00:06:35]} 22. Na5 {[%clk 00:22:40]} {[%emt 00:21:15]} Bd6 {[%clk 00:56:13]}
{[%emt 00:02:53]} 23. f3 {[%clk 00:18:03]} {[%emt 00:05:08]} Nf6 {[%clk
00:49:24]} {[%emt 00:07:19]} 24. Rad1 {[%clk 00:08:53]} {[%emt 00:09:40]} Be7
{[%clk 00:48:56]} {[%emt 00:00:58]} 25. e4 {[%clk 00:08:33]} {[%emt 00:00:50]}
Qd7 {[%clk 00:49:07]} {[%emt 00:00:20]} 26. Nc6 {[%clk 00:08:50]} {[%emt
00:00:12]} O-O {[%clk 00:48:46]} {[%emt 00:00:51]} 27. Rd3 {[%clk 00:06:09]}
{[%emt 00:03:11]} Ne8 {[%clk 00:46:57]} {[%emt 00:02:19]} 28. e5 {[%clk
00:05:39]} {[%emt 00:01:00]} g6 {[%clk 00:45:30]} {[%emt 00:01:58]} 29. d5
{[%clk 00:04:46]} {[%emt 00:01:23]} g5 {[%clk 00:43:11]} {[%emt 00:02:49]} 30.
Ne3 {[%clk 00:03:18]} {[%emt 00:01:58]} Ng7 {[%clk 00:40:11]} {[%emt 00:03:30]}
31. Rfd1 {[%clk 00:02:26]} {[%emt 00:01:22]} f5 {[%clk 00:36:35]} {[%emt
00:04:06]} 32. dxe6 {[%clk 00:01:54]} {[%emt 00:01:02]} Qxe6 {[%clk 00:36:57]}
{[%emt 00:00:08]} 33. Nd5 {[%clk 00:02:15]} {[%emt 00:00:08]} Bd8 {[%clk
00:37:02]} {[%emt 00:00:26]} 34. Nxd8 {[%clk 00:02:11]} {[%emt 00:00:34]} Rcxd8
{[%clk 00:36:08]} {[%emt 00:01:24]} 35. Nf6+ {[%clk 00:02:31]} {[%emt
00:00:10]} Rxf6 {[%clk 00:34:57]} {[%emt 00:01:41]} 36. Rxd8+ {[%clk 00:02:54]}
{[%emt 00:00:07]} Rf8 {[%clk 00:35:22]} {[%emt 00:00:05]} 37. Rxf8+ {[%clk
00:02:40]} {[%emt 00:00:44]} Kxf8 {[%clk 00:35:47]} {[%emt 00:00:05]} 38. Qxc7
{[%clk 00:02:40]} {[%emt 00:00:38]} 1-0

[Event "Chess Masters Gent 2023"]
[Site "Ghent, Belgium"]
[Date "2023.07.13"]
[Round "3.5"]
[White "Gormally, Daniel W."]
[Black "Dgebuadze, Alexandre"]
[Result "1/2-1/2"]
[TimeControl "90'/40 + 30' + 30\"/M"]
[WhiteTitle "GM"]
[BlackTitle "GM"]
[WhiteFideId "406465"]
[WhiteElo "2432"]
[BlackElo "2443"]

1. e4 {[%clk 01:30:56]} {[%emt 00:00:03]} e6 {[%clk 01:30:31]} {[%emt
00:00:30]} 2. d4 {[%clk 01:31:19]} {[%emt 00:00:07]} d5 {[%clk 01:30:51]}
{[%emt 00:00:10]} 3. Nd2 {[%clk 01:31:43]} {[%emt 00:00:06]} Nf6 {[%clk
01:31:12]} {[%emt 00:00:10]} 4. e5 {[%clk 01:32:05]} {[%emt 00:00:08]} Nfd7
{[%clk 01:31:37]} {[%emt 00:00:05]} 5. Ngf3 {[%clk 01:32:26]} {[%emt 00:00:08]}
c5 {[%clk 01:32:02]} {[%emt 00:00:06]} 6. c3 {[%clk 01:32:52]} {[%emt
00:00:03]} Nc6 {[%clk 01:32:29]} {[%emt 00:00:04]} 7. Bd3 {[%clk 01:33:16]}
{[%emt 00:00:05]} g6 {[%clk 01:32:47]} {[%emt 00:00:13]} 8. O-O {[%clk
01:33:14]} {[%emt 00:00:31]} Bg7 {[%clk 01:33:10]} {[%emt 00:00:07]} 9. Re1
{[%clk 01:33:19]} {[%emt 00:00:25]} O-O {[%clk 01:31:29]} {[%emt 00:02:10]} 10.
Bb5 {[%clk 01:33:35]} {[%emt 00:00:15]} Qb6 {[%clk 01:28:24]} {[%emt 00:03:36]}
11. Bxc6 {[%clk 01:33:56]} {[%emt 00:00:09]} bxc6 {[%clk 01:23:21]} {[%emt
00:05:33]} 12. b4 {[%clk 01:34:15]} {[%emt 00:00:11]} cxd4 {[%clk 01:20:36]}
{[%emt 00:03:14]} 13. cxd4 {[%clk 01:34:40]} {[%emt 00:00:05]} f6 {[%clk
01:18:31]} {[%emt 00:02:36]} 14. exf6 {[%clk 01:32:12]} {[%emt 00:02:58]} Nxf6
{[%clk 01:15:55]} {[%emt 00:03:05]} 15. h3 {[%clk 01:25:26]} {[%emt 00:07:15]}
Nh5 {[%clk 00:52:46]} {[%emt 00:23:40]} 16. Nb3 {[%clk 01:25:13]} {[%emt
00:00:43]} Qxb4 {[%clk 00:50:53]} {[%emt 00:02:23]} 17. Ne5 {[%clk 01:21:06]}
{[%emt 00:04:37]} Qe7 {[%clk 00:45:41]} {[%emt 00:05:40]} 18. Be3 {[%clk
01:16:22]} {[%emt 00:05:16]} Nf4 {[%clk 00:39:49]} {[%emt 00:06:22]} 19. Qg4
{[%clk 01:08:52]} {[%emt 00:08:00]} Bxe5 {[%clk 00:38:39]} {[%emt 00:01:39]} 20.
dxe5 {[%clk 01:09:19]} {[%emt 00:00:04]} Nd3 {[%clk 00:39:00]} {[%emt
00:00:09]} 21. Bg5 {[%clk 01:05:11]} {[%emt 00:04:38]} Qb4 {[%clk 00:31:43]}
{[%emt 00:07:47]} 22. Qxb4 {[%clk 01:02:19]} {[%emt 00:03:22]} Nxb4 {[%clk
00:32:07]} {[%emt 00:00:06]} 23. Rec1 {[%clk 01:02:39]} {[%emt 00:00:10]} Nd3
{[%clk 00:31:34]} {[%emt 00:01:04]} 24. Rxc6 {[%clk 01:03:05]} {[%emt
00:00:05]} Nxe5 {[%clk 00:31:59]} {[%emt 00:00:05]} 25. Rc7 {[%clk 01:02:41]}
{[%emt 00:00:53]} Rf7 {[%clk 00:29:59]} {[%emt 00:02:29]} 26. Rac1 {[%clk
01:02:15]} {[%emt 00:00:56]} Nc4 {[%clk 00:30:18]} {[%emt 00:00:12]} 27. Rc5
{[%clk 01:02:17]} {[%emt 00:00:27]} Bd7 {[%clk 00:21:03]} {[%emt 00:09:45]} 28.
Nd2 {[%clk 01:00:31]} {[%emt 00:02:16]} Nd6 {[%clk 00:14:22]} {[%emt 00:07:11]}
29. Nf3 {[%clk 00:58:37]} {[%emt 00:02:24]} Ne4 {[%clk 00:11:59]} {[%emt
00:02:53]} 30. Rc7 {[%clk 00:59:00]} {[%emt 00:00:07]} Nxg5 {[%clk 00:12:05]}
{[%emt 00:00:24]} 31. Nxg5 {[%clk 00:59:26]} {[%emt 00:00:05]} Rg7 {[%clk
00:11:42]} {[%emt 00:00:52]} 32. f4 {[%clk 00:49:21]} {[%emt 00:10:36]} h6
{[%clk 00:08:53]} {[%emt 00:03:19]} 33. Nf3 {[%clk 00:47:29]} {[%emt 00:02:22]}
Be8 {[%clk 00:09:18]} {[%emt 00:00:05]} 34. Nd4 {[%clk 00:42:07]} {[%emt
00:05:52]} Rxc7 {[%clk 00:08:50]} {[%emt 00:00:57]} 35. Rxc7 {[%clk 00:42:33]}
{[%emt 00:00:04]} Bf7 {[%clk 00:09:05]} {[%emt 00:00:14]} 36. Nc6 {[%clk
00:37:31]} {[%emt 00:05:33]} g5 {[%clk 00:04:25]} {[%emt 00:05:11]} 37. Ne5
{[%clk 00:36:50]} {[%emt 00:01:11]} Rf8 {[%clk 00:03:27]} {[%emt 00:01:26]} 38.
fxg5 {[%clk 00:35:54]} {[%emt 00:01:28]} hxg5 {[%clk 00:03:24]} {[%emt
00:00:34]} 39. Rxa7 {[%clk 00:36:21]} {[%emt 00:00:04]} Be8 {[%clk 00:03:09]}
{[%emt 00:00:44]} 40. Re7 {[%clk 00:33:38]} {[%emt 00:03:14]} Ba4 {[%clk
00:01:51]} {[%emt 00:01:49]} 41. Rxe6 {[%clk 00:28:57]} {[%emt 00:05:10]} Bc2
{[%clk 00:02:01]} {[%emt 00:00:20]} 42. Nf3 {[%clk 00:18:50]} {[%emt 00:10:37]}
g4 {[%clk 00:02:08]} {[%emt 00:00:23]} 43. hxg4 {[%clk 00:19:08]} {[%emt
00:00:13]} Be4 {[%clk 00:02:31]} {[%emt 00:00:07]} 44. Ng5 {[%clk 00:17:25]}
{[%emt 00:02:12]} Ra8 {[%clk 00:02:45]} {[%emt 00:00:15]} 45. Nxe4 {[%clk
00:17:52]} {[%emt 00:00:05]} dxe4 {[%clk 00:03:11]} {[%emt 00:00:05]} 46. Rxe4
{[%clk 00:18:14]} {[%emt 00:00:08]} Rxa2 {[%clk 00:03:38]} {[%emt 00:00:03]} 47.
Kh2 {[%clk 00:16:59]} {[%emt 00:01:45]} Kf7 {[%clk 00:01:44]} {[%emt 00:02:23]}
48. Kg3 {[%clk 00:17:22]} {[%emt 00:00:06]} Kg6 {[%clk 00:01:56]} {[%emt
00:00:18]} 49. Re6+ {[%clk 00:17:45]} {[%emt 00:00:08]} Kg5 {[%clk 00:01:30]}
{[%emt 00:00:54]} 50. Re5+ {[%clk 00:18:12]} {[%emt 00:00:04]} Kg6 {[%clk
00:01:08]} {[%emt 00:00:52]} 51. Rb5 {[%clk 00:18:31]} {[%emt 00:00:11]} Rc2
{[%clk 00:00:43]} {[%emt 00:00:54]} 52. Kh4 {[%clk 00:18:38]} {[%emt 00:00:23]}
Rxg2 {[%clk 00:30:25]} {[%emt 00:00:49]} 53. Rb6+ {[%clk 00:49:05]} {[%emt
00:00:04]} Kg7 {[%clk 00:29:41]} {[%emt 00:01:12]} 54. Kh5 {[%clk 00:49:23]}
{[%emt 00:00:13]} Ra2 {[%clk 00:28:58]} {[%emt 00:01:11]} 55. Rb7+ {[%clk
00:49:45]} {[%emt 00:00:11]} Kg8 {[%clk 00:29:19]} {[%emt 00:00:07]} 56. g5
{[%clk 00:49:58]} {[%emt 00:00:20]} Ra6 {[%clk 00:29:02]} {[%emt 00:00:45]} 57.
Re7 {[%clk 00:50:09]} {[%emt 00:00:20]} 1/2-1/2